Estadísticas para Territorios heredados por Carlos V

Haz click aquí para intentar la prueba.

Estadísticas generales

  • Esta prueba ha sido intentada 29 veces
  • La puntuación promedio es 9 de 26

Estadísticas de respuestas

% Correcto
Austria
94%
Castilla
83%
Aragón
78%
Nápoles
78%
Navarra
61%
Sicilia
61%
Flandes
56%
Canarias
44%
Cerdeña
44%
Granada
44%
Baleares
39%
Cataluña
39%
Valencia
39%
Luxemburgo
33%
Franco Condado
22%
Holanda
22%
Brabante
17%
Carintia
6%
Carniola
6%
Estiria
6%
Artois
0%
Ducado de Borgoña
0%
Nuevos territorios americanos
0%
Plazas de Soberanía del Norte de África
0%
Sundgau
0%
Tirol
0%

Distribución de puntuación

Porcentaje por número respondido

Porcentaje de gente con cada puntuación

Historial de tus puntuaciones

No has intentado esta prueba.